000 00414nam a22001817a 4500
003 OSt
005 20220114104457.0
008 220114b |||||||| |||| 00| 0 eng d
020 _a8122420125
040 _cHU
082 _a536.2
100 _aKothandaraman
_927990
245 _aHeat And Mass Transfer Data Book
250 _a6ed
260 _aNew Delhi
_bNew Delhi
300 _f185
942 _2ddc
_cBOOKS
_n0
999 _c27035
_d27035